000
00336nam a22001457a 4500
003
OSt
008
220521b ||||| |||| 00| 0 eng d
020
_a
9789386545008
082
_a
158 HIN
100
_a
HILL, Napoleon
245
_a
Think & Grow Rich
260
_a
New Delhi
_b
Jain Publishers
_c
2022
300
_a
272
942
_2
ddc
_c
BK
999
_c
11226
_d
11226